I Hope I Get It (Right): Songs in Broadway Musicals Quiz Stats

Quiz Updated Nov 13, 2017

Challenge
Share
Tweet
Embed
Score 0/20 Timer 03:00
1 Play Today
Question Answer Wrong Answers
Fiddler on the Roof If I Were a Rich Man
90.8%
If I Can't Love Her
1.8%
Heaven on Their Minds
1.4%
One Day More
1.6%
Annie It's the Hard-Knock Life
90.7%
So Long, Farewell
1.4%
Consider Yourself
2%
Tonight
1.7%
The Sound of Music Do-Re-Mi
90.4%
Something Wonderful
1.8%
The Rain in Spain
1.8%
Chim Chim Cher-ee
1.9%
Evita Don't Cry for Me Argentina
90.1%
Roxie
1.8%
Sunrise, Sunset
2.1%
The Music of the Night
1.6%
West Side Story Maria
88%
Climb Ev'ry Mountain
1.3%
We Kiss in a Shadow
4%
Wouldn't It Be Loverly?
2.6%
Les Misérables I Dreamed a Dream
84.3%
This Nearly Was Mine
1.8%
Somewhere That's Green
1%
La Vie Boheme
8.7%
Oklahoma! Oh, What a Beautiful Mornin'
84%
Bless Yore Beautiful Hide
4.7%
Anything You Can Do
5.7%
Comedy Tonight
1.1%
The Phantom of the Opera Think of Me
81.4%
It Takes a Woman
4.1%
Tomorrow
8.1%
Defying Gravity
2.1%
Hairspray Good Morning Baltimore
81.1%
A Bushel and a Peck
2.2%
You're the One That I Want
3.1%
Aquarius
9.3%
The Music Man Seventy-Six Trombones
80.4%
Do You Hear the People Sing?
4.3%
Put on a Happy Face
7.5%
Step in Time
3.2%
Chicago Cell Block Tango
79.5%
Summer Nights
1.9%
On My Own
3.6%
There's No Business Like Show Business
10.7%
The King and I Shall We Dance?
78.2%
My Favorite Things
3.2%
If I Were a Bell
3.7%
People Will Say We're in Love
10.4%
My Fair Lady I Could Have Danced All Night
76%
Sixteen Going on Seventeen
4.3%
Younger Than Springtime
13.1%
A Spoonful of Sugar
2.1%
Rent Seasons of Love
73.1%
One
12.1%
Luck Be a Lady
5%
Johanna
5.3%
Wicked Popular
70.9%
All That Jazz
1.4%
It Sucks to Be Me
9.1%
We're Off to See the Wizard
14.4%
Singin' in the Rain Make 'Em Laugh
70.9%
You Can't Stop the Beat
3.8%
Ya Got Trouble
10.5%
I Hope I Get It
10.2%
South Pacific Some Enchanted Evening
70.3%
Edelweiss
2.6%
One Hand, One Heart
10.4%
Shipoopi
12%
Guys and Dolls Adelaide's Lament
44.7%
Ol' Man River
8.4%
Broadway Baby
31.3%
Skid Row
10.8%
Carousel If I Loved You
44.7%
Suddenly, Seymour
7.7%
So Long, Farewell
8.5%
I've Never Been in Love Before
34.1%
Godspell Turn Back, O Man
34.4%
This Jesus Must Die
40.9%
To Life
11.2%
Everything's Coming Up Roses
8.7%

You're not logged in!

Compare scores with friends on all Sporcle quizzes.
Sign Up with Email
OR
Log In

You Might Also Like...

Show Comments

Extras

Top Quizzes Today


Score Distribution

Your Account Isn't Verified!

In order to create a playlist on Sporcle, you need to verify the email address you used during registration. Go to your Sporcle Settings to finish the process.

Report this User

Report this user for behavior that violates our Community Guidelines.

Details: